[Event "Greek Team Championship"]
[Site "chess24.com"]
[Date "2017.07.04"]
[Round "3"]
[White "Papageorgiou, Ioannis"]
[Black "Loukopoulos, Panagiotis-Athanasi"]
[Result "1-0"]
[Board "2"]
[WhiteElo "1980"]
[WhiteCountry "GRE"]
[WhiteFideId "4220056"]
[WhiteEloChange "8"]
[BlackElo "1902"]
[BlackCountry "GRE"]
[BlackFideId "4293835"]
[BlackEloChange "-8"]

1. e4 {[%clk 1:30:30]} c5 {[%clk 1:30:30]} 2. Nf3 {[%clk 1:30:30]} e6 {[%clk
1:30:30]} 3. d4 {[%clk 1:30:30]} cxd4 {[%clk 1:30:30]} 4. Nxd4 {[%clk 1:30:30]}
a6 {[%clk 1:30:30]} 5. c4 {[%clk 1:30:30]} Nf6 {[%clk 1:30:30]} 6. Bd3 {[%clk
1:30:30]} Qc7 {[%clk 1:30:30]} 7. O-O {[%clk 1:30:30]} Nc6 {[%clk 1:30:30]} 8.
Nxc6 {[%clk 1:30:30]} dxc6 {[%clk 1:30:30]} 9. Qe2 {[%clk 1:30:30]} e5 {[%clk
1:30:30]} 10. Be3 {[%clk 1:30:30]} Nd7 {[%clk 1:30:30]} 11. a3 {[%clk 1:30:30]}
Bc5 {[%clk 1:30:30]} 12. b4 {[%clk 1:30:30]} Bxe3 {[%clk 1:30:30]} 13. Qxe3
{[%clk 1:30:30]} Nf8 {[%clk 1:30:30]} 14. Nd2 {[%clk 1:30:30]} Ne6 {[%clk
1:30:30]} 15. c5 {[%clk 1:30:30]} O-O {[%clk 1:30:30]} 16. Nc4 {[%clk 1:30:30]}
Nd4 {[%clk 1:30:30]} 17. f4 {[%clk 1:30:30]} f6 {[%clk 1:30:30]} 18. fxe5 {[%clk
1:30:30]} fxe5 {[%clk 1:30:30]} 19. Rxf8+ {[%clk 1:30:30]} Kxf8 {[%clk 1:30:30]}
20. Rf1+ {[%clk 1:30:30]} Kg8 {[%clk 1:30:30]} 21. Qg5 {[%clk 1:30:30]} Be6
{[%clk 1:30:30]} 22. Nd6 {[%clk 1:30:30]} Nb5 {[%clk 1:30:30]} 23. Qxe5 {[%clk
1:30:30]} Bb3 {[%clk 1:30:30]} 24. Qb2 {[%clk 1:30:30]} Be6 {[%clk 1:30:30]} 25.
e5 {[%clk 1:30:30]} b6 {[%clk 1:30:30]} 26. a4 {[%clk 1:30:30]} Na7 {[%clk
1:30:30]} 27. Qc2 {[%clk 1:30:30]} h6 {[%clk 1:30:30]} 28. Bc4 {[%clk 1:30:30]}
1-0

[Event "Greek Team Championship"]
[Site "chess24.com"]
[Date "2017.07.04"]
[Round "3"]
[White "Giannoutsos, Panagiotis"]
[Black "Georgiadis, Alexandros"]
[Result "0-1"]
[Board "3"]
[WhiteElo "1717"]
[WhiteCountry "GRE"]
[WhiteFideId "4213718"]
[WhiteEloChange "-4"]
[BlackElo "1947"]
[BlackCountry "GRE"]
[BlackFideId "4206487"]
[BlackEloChange "4"]

1. e4 {[%clk 1:30:26]} c5 {[%clk 1:30:48]} 2. Nf3 {[%clk 1:30:44]} e6 {[%clk
1:31:08]} 3. d4 {[%clk 1:30:54]} cxd4 {[%clk 1:31:26]} 4. Nxd4 {[%clk 1:31:19]}
a6 {[%clk 1:31:49]} 5. Bd3 {[%clk 1:31:19]} Bc5 {[%clk 1:30:33]} 6. Nb3 {[%clk
1:30:31]} Be7 {[%clk 1:30:57]} 7. O-O {[%clk 1:29:44]} d6 {[%clk 1:31:19]} 8. c4
{[%clk 1:28:44]} Nd7 {[%clk 1:31:29]} 9. Nc3 {[%clk 1:28:05]} Ngf6 {[%clk
1:31:53]} 10. Qe2 {[%clk 1:27:30]} O-O {[%clk 1:32:14]} 11. Be3 {[%clk 1:24:45]}
Qc7 {[%clk 1:30:05]} 12. f4 {[%clk 1:22:37]} b6 {[%clk 1:29:50]} 13. Rac1 {[%clk
1:17:30]} Bb7 {[%clk 1:29:39]} 14. h3 {[%clk 1:09:37]} Nc5 {[%clk 1:27:32]} 15.
Nxc5 {[%clk 1:07:56]} bxc5 {[%clk 1:27:56]} 16. Bf2 {[%clk 1:00:57]} Nd7 {[%clk
1:27:53]} 17. Bg3 {[%clk 0:53:35]} Bf6 {[%clk 1:21:06]} 18. Rce1 {[%clk 0:46:16]}
g6 {[%clk 1:13:03]} 19. e5 {[%clk 0:41:33]} Bg7 {[%clk 1:12:34]} 20. h4 {[%clk
0:23:57]} dxe5 {[%clk 1:12:39]} 21. fxe5 {[%clk 0:24:11]} Rad8 {[%clk 1:11:46]}
22. h5 {[%clk 0:22:56]} Nb8 {[%clk 1:05:39]} 23. Bh4 {[%clk 0:20:00]} Rd4 {[%clk
0:59:31]} 24. Bf2 {[%clk 0:16:20]} Nc6 {[%clk 0:51:41]} 25. Bxd4 {[%clk 0:14:15]}
cxd4 {[%clk 0:52:05]} 26. Ne4 {[%clk 0:12:21]} Qxe5 {[%clk 0:47:19]} 27. hxg6
{[%clk 0:10:51]} hxg6 {[%clk 0:47:40]} 28. Qf3 {[%clk 0:10:11]} Ne7 {[%clk
0:41:20]} 29. Nf6+ {[%clk 0:06:52]} Qxf6 {[%clk 0:40:07]} 30. Qxb7 {[%clk
0:05:52]} Nf5 {[%clk 0:40:20]} 31. Qxa6 {[%clk 0:03:43]} Bh6 {[%clk 0:40:25]} 32.
Bxf5 {[%clk 0:02:04]} gxf5 {[%clk 0:40:49]} 33. Rf3 {[%clk 0:02:00]} Qh4 {[%clk
0:37:40]} 34. Rd1 {[%clk 0:00:39]} Be3+ {[%clk 0:37:34]} 35. Rxe3 {[%clk
0:00:52]} dxe3 {[%clk 0:37:58]} 36. Qa5 {[%clk 0:00:45]} Qf2+ {[%clk 0:37:07]}
37. Kh1 {[%clk 0:01:08]} e2 {[%clk 0:36:50]} 38. Qe1 {[%clk 0:00:54]} exd1Q
{[%clk 0:36:50]} 39. Qxd1 {[%clk 0:02:47]} Kg7 {[%clk 0:37:21]} 0-1

[Event "Greek Team Championship"]
[Site "chess24.com"]
[Date "2017.07.04"]
[Round "3"]
[White "Benatsis, Alexandros"]
[Black "Kouroumbas, Kosmas"]
[Result "1-0"]
[Board "4"]
[WhiteElo "1630"]
[WhiteCountry "GRE"]
[WhiteFideId "4237382"]
[WhiteEloChange "11"]
[BlackElo "1657"]
[BlackCountry "GRE"]
[BlackFideId "4263022"]
[BlackEloChange "-11"]

1. e4 {[%clk 1:30:30]} e5 {[%clk 1:30:30]} 2. Nf3 {[%clk 1:30:30]} Nc6 {[%clk
1:30:30]} 3. Bc4 {[%clk 1:30:30]} Bc5 {[%clk 1:30:30]} 4. c3 {[%clk 1:30:30]} Nf6
{[%clk 1:30:30]} 5. d3 {[%clk 1:30:30]} h6 {[%clk 1:30:30]} 6. Nbd2 {[%clk
1:30:30]} d6 {[%clk 1:30:30]} 7. O-O {[%clk 1:30:30]} O-O {[%clk 1:30:30]} 8. Bb3
{[%clk 1:30:30]} Bg4 {[%clk 1:30:30]} 9. Re1 {[%clk 1:30:30]} b5 {[%clk 1:30:30]}
10. Nf1 {[%clk 1:30:30]} a5 {[%clk 1:30:30]} 11. Ng3 {[%clk 1:30:30]} a4 {[%clk
1:30:30]} 12. Bc2 {[%clk 1:30:30]} Bb6 {[%clk 1:30:30]} 13. h3 {[%clk 1:30:30]}
Be6 {[%clk 1:30:30]} 14. d4 {[%clk 1:30:30]} exd4 {[%clk 1:30:30]} 15. cxd4
{[%clk 1:30:30]} Nb4 {[%clk 1:30:30]} 16. Bb1 {[%clk 1:30:30]} c6 {[%clk
1:30:30]} 17. Nh4 {[%clk 1:30:30]} Na6 {[%clk 1:30:30]} 18. Nhf5 {[%clk 1:30:30]}
Kh8 {[%clk 1:30:30]} 19. Be3 {[%clk 1:30:30]} Ba5 {[%clk 1:30:30]} 20. Bd2 {[%clk
1:30:30]} Bxd2 {[%clk 1:30:30]} 21. Qxd2 {[%clk 1:30:30]} Rg8 {[%clk 1:30:30]}
22. Qf4 {[%clk 1:30:30]} d5 {[%clk 1:30:30]} 23. e5 {[%clk 1:30:30]} Nh7 {[%clk
1:30:30]} 24. Nd6 {[%clk 1:30:30]} Qf8 {[%clk 1:30:30]} 25. Rc1 {[%clk 1:30:30]}
Nb8 {[%clk 1:30:30]} 26. Rc3 {[%clk 1:30:30]} Ra7 {[%clk 1:30:30]} 27. Rf3 {[%clk
1:30:30]} Ng5 {[%clk 1:30:30]} 28. Re3 {[%clk 1:30:30]} Bxh3 {[%clk 1:30:30]} 29.
Ngf5 {[%clk 1:30:30]} Bxf5 {[%clk 1:30:30]} 30. Qxf5 {[%clk 1:30:30]} g6 {[%clk
1:30:30]} 31. Qg4 {[%clk 1:30:30]} Qg7 {[%clk 1:30:30]} 32. Bc2 {[%clk 1:30:30]}
f5 {[%clk 1:30:30]} 33. Qh4 {[%clk 1:30:30]} Qe7 {[%clk 1:30:30]} 34. Qxh6+
{[%clk 1:30:30]} Nh7 {[%clk 1:30:30]} 35. Rg3 {[%clk 1:30:30]} Qg7 {[%clk
1:30:30]} 36. Qd2 {[%clk 1:30:30]} Rf8 {[%clk 1:30:30]} 37. Bxf5 {[%clk 1:30:30]}
Rxf5 {[%clk 1:30:30]} 38. Nxf5 {[%clk 1:30:30]} Qf8 {[%clk 1:30:30]} 39. Nd6
{[%clk 1:30:30]} Rg7 {[%clk 1:30:30]} 40. Rf3 {[%clk 1:30:30]} Qe7 {[%clk
1:30:30]} 41. Rc1 {[%clk 1:30:30]} Ng5 {[%clk 1:30:30]} 42. Rg3 {[%clk 1:30:30]}
Ne6 {[%clk 1:30:30]} 43. Rh3+ {[%clk 1:30:30]} Rh7 {[%clk 1:30:30]} 44. Rxh7+
{[%clk 1:30:30]} Kxh7 {[%clk 1:30:30]} 45. Rc3 {[%clk 1:30:30]} 1-0

[Event "Greek Team Championship"]
[Site "chess24.com"]
[Date "2017.07.04"]
[Round "3"]
[White "Makrigianni, Eleni Iokasti"]
[Black "Gioutsou, Miranta"]
[Result "0-1"]
[Board "7"]
[WhiteElo "1047"]
[WhiteCountry "GRE"]
[WhiteFideId "25832565"]
[WhiteEloChange "-4"]
[BlackElo "1294"]
[BlackCountry "GRE"]
[BlackFideId "25838296"]
[BlackEloChange "4"]

1. d4 {[%clk 1:30:57]} Nf6 {[%clk 1:30:55]} 2. Nf3 {[%clk 1:31:16]} c5 {[%clk
1:31:20]} 3. c3 {[%clk 1:28:37]} cxd4 {[%clk 1:30:59]} 4. cxd4 {[%clk 1:28:24]}
g6 {[%clk 1:31:15]} 5. Bf4 {[%clk 1:27:37]} Bg7 {[%clk 1:30:52]} 6. Nc3 {[%clk
1:23:56]} O-O {[%clk 1:31:08]} 7. h3 {[%clk 1:22:04]} d6 {[%clk 1:31:06]} 8. e3
{[%clk 1:21:37]} Nbd7 {[%clk 1:29:41]} 9. Bd3 {[%clk 1:18:58]} Re8 {[%clk
1:29:33]} 10. O-O {[%clk 1:17:05]} e5 {[%clk 1:29:52]} 11. Bg5 {[%clk 1:11:13]}
h6 {[%clk 1:29:24]} 12. Bxf6 {[%clk 1:10:57]} Nxf6 {[%clk 1:29:43]} 13. dxe5
{[%clk 1:10:50]} dxe5 {[%clk 1:29:55]} 14. e4 {[%clk 1:02:00]} Nh5 {[%clk
1:27:59]} 15. Rc1 {[%clk 0:54:15]} Nf4 {[%clk 1:25:52]} 16. Bc4 {[%clk 0:51:10]}
Be6 {[%clk 1:25:58]} 17. Bxe6 {[%clk 0:47:05]} Rxe6 {[%clk 1:26:23]} 18. Qxd8+
{[%clk 0:39:35]} Rxd8 {[%clk 1:26:23]} 19. b3 {[%clk 0:39:35]} Rc6 {[%clk
1:24:48]} 20. g3 {[%clk 0:19:33]} Rxc3 {[%clk 1:25:01]} 21. Rxc3 {[%clk 0:14:58]}
Ne2+ {[%clk 1:25:23]} 22. Kg2 {[%clk 0:15:02]} Nxc3 {[%clk 1:25:46]} 23. a4
{[%clk 0:14:38]} Rd1 {[%clk 1:26:04]} 24. Rxd1 {[%clk 0:13:51]} Nxd1 {[%clk
1:26:24]} 25. Kf1 {[%clk 0:13:16]} Nc3 {[%clk 1:26:45]} 26. Nd2 {[%clk 0:13:19]}
f5 {[%clk 1:26:39]} 27. f3 {[%clk 0:12:15]} fxe4 {[%clk 1:26:17]} 28. fxe4 {[%clk
0:12:36]} Bf8 {[%clk 1:26:25]} 29. Kf2 {[%clk 0:12:12]} Bc5+ {[%clk 1:26:40]} 30.
Kf3 {[%clk 0:12:09]} Kf7 {[%clk 1:26:53]} 31. Nc4 {[%clk 0:11:37]} Ke6 {[%clk
1:27:13]} 32. g4 {[%clk 0:10:46]} b5 {[%clk 1:27:34]} 33. axb5 {[%clk 0:10:46]}
Nxb5 {[%clk 1:27:54]} 34. Nd2 {[%clk 0:08:17]} Bb4 {[%clk 1:28:07]} 35. Ke3
{[%clk 0:07:08]} Nd4 {[%clk 1:28:15]} 36. Nc4 {[%clk 0:06:44]} Nxb3 {[%clk
1:28:23]} 37. Kd3 {[%clk 0:06:21]} a5 {[%clk 1:28:34]} 38. Kc2 {[%clk 0:05:20]}
Nc5 {[%clk 1:29:07]} 39. Kb2 {[%clk 0:05:20]} Nxe4 {[%clk 1:29:07]} 0-1

[Event "Greek Team Championship"]
[Site "chess24.com"]
[Date "2017.07.04"]
[Round "3"]
[White "Bebis, Epaminondas-Alexandros"]
[Black "Berbatis, Antonios"]
[Result "1-0"]
[Board "8"]
[WhiteElo "1514"]
[WhiteCountry "GRE"]
[WhiteFideId "4262930"]
[WhiteEloChange "15"]
[BlackElo "1702"]
[BlackCountry "GRE"]
[BlackFideId "25804677"]
[BlackEloChange "-15"]

1. Nf3 {[%clk 1:27:57]} Nf6 {[%clk 1:30:36]} 2. c4 {[%clk 1:27:18]} e6 {[%clk
1:30:28]} 3. Nc3 {[%clk 1:26:40]} Be7 {[%clk 1:30:00]} 4. e4 {[%clk 1:26:28]} d6
{[%clk 1:27:19]} 5. d4 {[%clk 1:24:57]} Nbd7 {[%clk 1:23:44]} 6. Bf4 {[%clk
1:21:34]} c5 {[%clk 1:15:00]} 7. e5 {[%clk 1:04:30]} Nh5 {[%clk 1:12:21]} 8. Be3
{[%clk 1:03:22]} cxd4 {[%clk 1:11:10]} 9. Nxd4 {[%clk 1:03:20]} g6 {[%clk
0:59:41]} 10. exd6 {[%clk 1:02:52]} Bxd6 {[%clk 0:58:37]} 11. Nxe6 {[%clk
1:02:10]} Qe7 {[%clk 0:58:44]} 12. Nd4 {[%clk 0:58:27]} Nb6 {[%clk 0:51:12]} 13.
Be2 {[%clk 0:51:37]} Bf4 {[%clk 0:47:14]} 14. Nc2 {[%clk 0:38:56]} Bf5 {[%clk
0:39:33]} 15. Bxf4 {[%clk 0:35:12]} Nxf4 {[%clk 0:39:38]} 16. Ne3 {[%clk
0:35:22]} Rd8 {[%clk 0:35:55]} 17. Qc1 {[%clk 0:29:04]} Bd3 {[%clk 0:32:57]} 18.
g3 {[%clk 0:27:31]} Bxe2 {[%clk 0:30:49]} 19. gxf4 {[%clk 0:26:47]} Bxc4 {[%clk
0:30:38]} 20. Ne2 {[%clk 0:23:22]} Qe4 {[%clk 0:20:33]} 21. Ng3 {[%clk 0:15:39]}
Qxf4 {[%clk 0:20:10]} 22. Rg1 {[%clk 0:15:35]} Rd3 {[%clk 0:18:11]} 23. Ne2
{[%clk 0:13:51]} Qe4 {[%clk 0:16:44]} 24. Rg4 {[%clk 0:11:40]} Qh1+ {[%clk
0:17:04]} 25. Rg1 {[%clk 0:12:08]} Qc6 {[%clk 0:17:04]} 26. b3 {[%clk 0:11:55]}
Bb5 {[%clk 0:16:21]} 27. Qb2 {[%clk 0:12:12]} Rf8 {[%clk 0:13:14]} 28. Rc1 {[%clk
0:12:18]} Qd6 {[%clk 0:12:20]} 29. Rg5 {[%clk 0:11:10]} Qb4+ {[%clk 0:10:11]} 30.
Kf1 {[%clk 0:10:37]} f6 {[%clk 0:09:44]} 31. Rgc5 {[%clk 0:07:20]} Ba6 {[%clk
0:07:55]} 32. R1c2 {[%clk 0:03:56]} Qe4 {[%clk 0:05:42]} 33. Kg1 {[%clk 0:02:14]}
Rd7 {[%clk 0:04:07]} 34. b4 {[%clk 0:02:01]} Na4 {[%clk 0:02:33]} 35. Nc3 {[%clk
0:00:33]} Nxc3 {[%clk 0:01:05]} 36. Qxc3 {[%clk 0:00:45]} Rd3 {[%clk 0:00:34]}
37. Rc8+ {[%clk 0:00:54]} Kf7 {[%clk 0:00:32]} 38. Rxf8+ {[%clk 0:00:59]} Kxf8
{[%clk 0:00:53]} 39. Qxf6+ {[%clk 0:01:00]} Ke8 {[%clk 0:01:14]} 40. Rc8+ {[%clk
0:30:49]} Kd7 {[%clk 0:31:08]} 41. Qd8+ {[%clk 0:30:00]} Ke6 {[%clk 0:30:39]} 42.
Qe8+ {[%clk 0:30:23]} 1-0

[Event "Greek Team Championship"]
[Site "chess24.com"]
[Date "2017.07.04"]
[Round "3"]
[White "Gioutsos, Vasileios"]
[Black "Makrygiannis, Ion Periandros"]
[Result "1-0"]
[Board "10"]
[WhiteElo "1231"]
[WhiteCountry "GRE"]
[WhiteFideId "25832883"]
[WhiteEloChange "6"]
[BlackElo "1086"]
[BlackCountry "GRE"]
[BlackFideId "25853384"]
[BlackEloChange "-6"]

1. e4 {[%clk 1:30:56]} c5 {[%clk 1:30:55]} 2. Nf3 {[%clk 1:31:20]} g6 {[%clk
1:31:10]} 3. c3 {[%clk 1:31:36]} Bg7 {[%clk 1:31:28]} 4. d4 {[%clk 1:31:29]} cxd4
{[%clk 1:30:22]} 5. cxd4 {[%clk 1:31:34]} d6 {[%clk 1:29:39]} 6. Bb5+ {[%clk
1:31:14]} Bd7 {[%clk 1:29:49]} 7. Nc3 {[%clk 1:31:05]} Qa5 {[%clk 1:26:44]} 8.
Qb3 {[%clk 1:29:57]} Bxb5 {[%clk 1:25:32]} 9. Qxb5+ {[%clk 1:30:01]} Qxb5 {[%clk
1:25:56]} 10. Nxb5 {[%clk 1:30:22]} Na6 {[%clk 1:25:04]} 11. O-O {[%clk 1:30:30]}
Nf6 {[%clk 1:22:32]} 12. Re1 {[%clk 1:30:23]} O-O {[%clk 1:18:15]} 13. Bg5 {[%clk
1:29:19]} Rfe8 {[%clk 1:15:51]} 14. Rac1 {[%clk 1:28:02]} Red8 {[%clk 1:10:03]}
15. Nc7 {[%clk 1:26:51]} Rac8 {[%clk 1:02:26]} 16. Nxa6 {[%clk 1:26:22]} bxa6
{[%clk 1:02:48]} 17. Nd2 {[%clk 1:24:16]} Rb8 {[%clk 1:01:43]} 18. b3 {[%clk
1:23:27]} Re8 {[%clk 1:01:11]} 19. Rc7 {[%clk 1:23:08]} Ra8 {[%clk 1:00:58]} 20.
Rec1 {[%clk 1:21:39]} e5 {[%clk 0:48:57]} 21. d5 {[%clk 1:21:50]} Reb8 {[%clk
0:47:26]} 22. R1c6 {[%clk 1:20:21]} Rb6 {[%clk 0:45:27]} 23. Rc8+ {[%clk
1:20:32]} Rxc8 {[%clk 0:44:34]} 24. Rxc8+ {[%clk 1:20:52]} Bf8 {[%clk 0:42:56]}
25. Bxf6 {[%clk 1:20:38]} Rb4 {[%clk 0:42:31]} 26. Be7 {[%clk 1:20:43]} Rd4
{[%clk 0:41:55]} 27. Bxf8 {[%clk 1:21:02]} f6 {[%clk 0:41:32]} 28. Bxd6+ {[%clk
1:21:16]} Kf7 {[%clk 0:41:42]} 29. Rc2 {[%clk 1:20:27]} Ke8 {[%clk 0:41:41]} 30.
Kf1 {[%clk 1:20:50]} Kd7 {[%clk 0:41:28]} 31. Bc5 {[%clk 1:21:17]} Rd3 {[%clk
0:41:20]} 32. Ke2 {[%clk 1:21:46]} 1-0

[Event "Greek Team Championship"]
[Site "chess24.com"]
[Date "2017.07.04"]
[Round "3"]
[White "Georganas, Panayotis"]
[Black "Kokkalis, Vasilios"]
[Result "1/2-1/2"]
[Board "1"]
[WhiteElo "2018"]
[WhiteCountry "GRE"]
[WhiteFideId "4269870"]
[WhiteEloChange "3"]
[BlackElo "2129"]
[BlackCountry "GRE"]
[BlackFideId "4205901"]
[BlackEloChange "-3"]

1. e4 {[%clk 1:30:53]} e5 {[%clk 1:30:52]} 2. Nf3 {[%clk 1:31:10]} Nc6 {[%clk
1:30:34]} 3. d4 {[%clk 1:31:30]} exd4 {[%clk 1:30:59]} 4. Nxd4 {[%clk 1:31:51]}
Nf6 {[%clk 1:30:18]} 5. Nxc6 {[%clk 1:32:06]} bxc6 {[%clk 1:30:40]} 6. Bd3 {[%clk
1:31:58]} d5 {[%clk 1:26:36]} 7. exd5 {[%clk 1:32:18]} cxd5 {[%clk 1:26:30]} 8.
O-O {[%clk 1:32:37]} Be7 {[%clk 1:26:03]} 9. c4 {[%clk 1:32:53]} O-O {[%clk
1:20:49]} 10. Nc3 {[%clk 1:33:16]} Be6 {[%clk 1:13:12]} 11. cxd5 {[%clk 1:33:18]}
Nxd5 {[%clk 1:13:13]} 12. Nxd5 {[%clk 1:33:37]} Qxd5 {[%clk 1:12:47]} 13. Qc2
{[%clk 1:33:49]} Qh5 {[%clk 1:11:29]} 14. Bf4 {[%clk 1:30:47]} Bf6 {[%clk
1:03:34]} 15. Rad1 {[%clk 1:31:05]} c5 {[%clk 0:53:15]} 16. b3 {[%clk 1:30:45]}
Bd4 {[%clk 0:49:10]} 17. Rfe1 {[%clk 1:25:11]} Rfd8 {[%clk 0:45:17]} 18. Be4
{[%clk 1:22:38]} Bd5 {[%clk 0:43:05]} 19. Bxd5 {[%clk 1:21:47]} Qxd5 {[%clk
0:42:50]} 20. Rd2 {[%clk 1:21:39]} h6 {[%clk 0:40:56]} 21. h3 {[%clk 1:19:56]}
Rd7 {[%clk 0:38:57]} 22. Rde2 {[%clk 1:20:02]} Rdd8 {[%clk 0:32:01]} 23. Bc7
{[%clk 1:14:34]} Rdc8 {[%clk 0:27:01]} 24. Bg3 {[%clk 1:14:49]} a5 {[%clk
0:24:26]} 25. Be5 {[%clk 1:04:57]} Re8 {[%clk 0:19:01]} 26. Bxd4 {[%clk 1:04:51]}
Rxe2 {[%clk 0:19:27]} 27. Qxe2 {[%clk 1:03:55]} cxd4 {[%clk 0:19:49]} 28. Qe4
{[%clk 1:03:45]} Rd8 {[%clk 0:19:18]} 29. Qxd5 {[%clk 1:03:41]} Rxd5 {[%clk
0:19:47]} 30. Kf1 {[%clk 1:03:49]} Kf8 {[%clk 0:17:03]} 31. Ke2 {[%clk 1:04:07]}
Ke7 {[%clk 0:17:28]} 32. Kd3+ {[%clk 1:04:07]} Kd6 {[%clk 0:17:50]} 33. Re4
{[%clk 1:02:53]} Kc5 {[%clk 0:16:02]} 34. a3 {[%clk 1:01:42]} Rd7 {[%clk
0:11:10]} 35. Rg4 {[%clk 0:58:24]} Rb7 {[%clk 0:09:22]} 36. Kc2 {[%clk 0:42:00]}
g5 {[%clk 0:08:18]} 37. Re4 {[%clk 0:42:00]} Kd5 {[%clk 0:07:58]} 38. Re8 {[%clk
0:42:08]} Rc7+ {[%clk 0:07:35]} 39. Kd2 {[%clk 0:42:18]} Rb7 {[%clk 0:07:33]} 40.
Kc2 {[%clk 0:41:29]} Rc7+ {[%clk 0:37:47]} 41. Kd2 {[%clk 0:40:25]} Rb7 {[%clk
0:36:48]} 42. Kc2 {[%clk 0:40:25]} 1/2-1/2

[Event "Greek Team Championship"]
[Site "chess24.com"]
[Date "2017.07.04"]
[Round "3"]
[White "Deligiannis, Paraskevas"]
[Black "Hararis, Georgios"]
[Result "1/2-1/2"]
[Board "2"]
[WhiteElo "2028"]
[WhiteCountry "GRE"]
[WhiteFideId "4240197"]
[WhiteEloChange "-4"]
[BlackElo "1901"]
[BlackCountry "GRE"]
[BlackFideId "4254317"]
[BlackEloChange "4"]

1. c4 {[%clk 1:30:49]} c5 {[%clk 1:30:45]} 2. g3 {[%clk 1:30:56]} Nf6 {[%clk
1:30:45]} 3. Bg2 {[%clk 1:31:14]} e6 {[%clk 1:30:29]} 4. Nf3 {[%clk 1:31:19]} d5
{[%clk 1:29:59]} 5. O-O {[%clk 1:29:34]} Nc6 {[%clk 1:29:37]} 6. cxd5 {[%clk
1:28:21]} exd5 {[%clk 1:24:56]} 7. d4 {[%clk 1:28:40]} cxd4 {[%clk 1:24:03]} 8.
Nbd2 {[%clk 1:23:33]} d3 {[%clk 1:19:37]} 9. exd3 {[%clk 1:23:36]} Be7 {[%clk
1:19:46]} 10. Nb3 {[%clk 1:22:46]} O-O {[%clk 1:19:56]} 11. Be3 {[%clk 1:15:49]}
Bg4 {[%clk 1:13:25]} 12. Nbd4 {[%clk 1:10:38]} Nxd4 {[%clk 1:03:05]} 13. Bxd4
{[%clk 1:11:00]} Qd6 {[%clk 0:52:54]} 14. Qb3 {[%clk 1:04:33]} Qb4 {[%clk
0:50:40]} 15. Qxb4 {[%clk 1:03:50]} Bxb4 {[%clk 0:50:13]} 16. Rac1 {[%clk
0:57:40]} Bd6 {[%clk 0:44:09]} 17. Rfe1 {[%clk 0:54:16]} a6 {[%clk 0:42:37]} 18.
h3 {[%clk 0:36:48]} Bf5 {[%clk 0:39:36]} 19. Bf1 {[%clk 0:36:28]} Rfe8 {[%clk
0:38:00]} 20. Nh4 {[%clk 0:33:37]} Bd7 {[%clk 0:37:52]} 21. Bg2 {[%clk 0:31:16]}
Rxe1+ {[%clk 0:37:21]} 22. Rxe1 {[%clk 0:31:45]} Bc6 {[%clk 0:30:17]} 23. Nf5
{[%clk 0:30:26]} Bb4 {[%clk 0:26:44]} 24. Re3 {[%clk 0:29:38]} Rd8 {[%clk
0:16:26]} 25. a3 {[%clk 0:27:23]} Bf8 {[%clk 0:16:39]} 26. g4 {[%clk 0:23:20]}
Ne8 {[%clk 0:14:13]} 27. Bb6 {[%clk 0:18:39]} Rc8 {[%clk 0:13:23]} 28. Ne7+
{[%clk 0:18:00]} Bxe7 {[%clk 0:13:42]} 29. Rxe7 {[%clk 0:18:29]} h6 {[%clk
0:10:06]} 30. f4 {[%clk 0:17:04]} Nf6 {[%clk 0:08:59]} 31. Bd4 {[%clk 0:15:53]}
Ne8 {[%clk 0:09:04]} 32. Kf2 {[%clk 0:15:10]} Nd6 {[%clk 0:09:14]} 33. Ke1 {[%clk
0:07:32]} Re8 {[%clk 0:08:56]} 34. Rxe8+ {[%clk 0:07:55]} Nxe8 {[%clk 0:09:25]}
35. Bc5 {[%clk 0:07:04]} Nf6 {[%clk 0:05:58]} 36. Kf2 {[%clk 0:06:35]} Nd7 {[%clk
0:05:45]} 37. Bd6 {[%clk 0:05:48]} f6 {[%clk 0:05:50]} 38. Bf3 {[%clk 0:03:46]}
Kf7 {[%clk 0:05:57]} 39. Bb4 {[%clk 0:03:22]} g5 {[%clk 0:05:06]} 40. fxg5 {[%clk
0:32:32]} hxg5 {[%clk 0:34:00]} 41. d4 {[%clk 0:28:26]} Ke6 {[%clk 0:30:45]} 42.
Kg3 {[%clk 0:28:18]} Nb6 {[%clk 0:23:02]} 43. b3 {[%clk 0:28:01]} Nd7 {[%clk
0:22:43]} 44. h4 {[%clk 0:28:06]} gxh4+ {[%clk 0:22:43]} 45. Kxh4 {[%clk
0:28:28]} Bb5 {[%clk 0:22:33]} 46. Kh5 {[%clk 0:28:04]} Bd3 {[%clk 0:22:20]} 47.
Bd1 {[%clk 0:26:54]} Be4 {[%clk 0:22:23]} 48. Kh6 {[%clk 0:25:48]} Kf7 {[%clk
0:20:36]} 49. a4 {[%clk 0:24:27]} Nb8 {[%clk 0:20:12]} 50. Bc5 {[%clk 0:23:30]}
Nc6 {[%clk 0:17:25]} 51. b4 {[%clk 0:22:34]} 1/2-1/2

[Event "Greek Team Championship"]
[Site "chess24.com"]
[Date "2017.07.04"]
[Round "3"]
[White "Kiriakopoulos, Antonios"]
[Black "Tzolas, Georgios"]
[Result "0-1"]
[Board "3"]
[WhiteElo "1859"]
[WhiteCountry "GRE"]
[WhiteFideId "4203933"]
[WhiteEloChange "-6"]
[BlackElo "2015"]
[BlackCountry "GRE"]
[BlackFideId "4205120"]
[BlackEloChange "6"]

1. e4 {[%clk 1:30:56]} c5 {[%clk 1:30:28]} 2. Nf3 {[%clk 1:30:21]} d6 {[%clk
1:30:00]} 3. c3 {[%clk 1:30:15]} Nf6 {[%clk 1:30:00]} 4. d3 {[%clk 1:27:29]} g6
{[%clk 1:29:47]} 5. g3 {[%clk 1:25:36]} Bg7 {[%clk 1:29:40]} 6. Bg2 {[%clk
1:25:45]} Nc6 {[%clk 1:29:35]} 7. O-O {[%clk 1:23:50]} O-O {[%clk 1:29:25]} 8. h3
{[%clk 1:14:29]} Rb8 {[%clk 1:27:46]} 9. Re1 {[%clk 1:11:53]} Qc7 {[%clk
1:09:49]} 10. d4 {[%clk 1:03:35]} e5 {[%clk 1:08:46]} 11. d5 {[%clk 0:58:28]} Nd8
{[%clk 1:08:10]} 12. Nh2 {[%clk 0:57:27]} Ne8 {[%clk 1:04:06]} 13. Ng4 {[%clk
0:51:43]} Qe7 {[%clk 0:56:24]} 14. Ne3 {[%clk 0:37:14]} f5 {[%clk 0:46:09]} 15.
Nd2 {[%clk 0:33:39]} f4 {[%clk 0:44:40]} 16. Ng4 {[%clk 0:33:19]} h5 {[%clk
0:43:44]} 17. Nh2 {[%clk 0:33:37]} Nf7 {[%clk 0:38:34]} 18. g4 {[%clk 0:31:27]}
hxg4 {[%clk 0:34:57]} 19. Nxg4 {[%clk 0:29:46]} Ng5 {[%clk 0:29:22]} 20. Nf3
{[%clk 0:24:57]} Kf7 {[%clk 0:27:18]} 21. Nxg5+ {[%clk 0:22:07]} Qxg5 {[%clk
0:27:46]} 22. f3 {[%clk 0:22:03]} Rh8 {[%clk 0:24:47]} 23. Qe2 {[%clk 0:18:40]}
Qh5 {[%clk 0:23:28]} 24. Bd2 {[%clk 0:16:44]} Bf6 {[%clk 0:22:44]} 25. Reb1
{[%clk 0:16:51]} Bd8 {[%clk 0:13:03]} 26. Be1 {[%clk 0:16:07]} Nf6 {[%clk
0:09:00]} 27. Bf2 {[%clk 0:15:50]} Nh7 {[%clk 0:09:09]} 28. b4 {[%clk 0:13:27]}
cxb4 {[%clk 0:09:10]} 29. Bxa7 {[%clk 0:12:52]} Ra8 {[%clk 0:09:18]} 30. Bf2
{[%clk 0:11:37]} bxc3 {[%clk 0:08:14]} 31. Bb6 {[%clk 0:11:15]} Be7 {[%clk
0:07:09]} 32. Qc4 {[%clk 0:11:06]} Ng5 {[%clk 0:07:04]} 33. Qf1 {[%clk 0:08:54]}
Nxh3+ {[%clk 0:07:00]} 34. Bxh3 {[%clk 0:09:07]} Qxh3 {[%clk 0:07:25]} 35. Qxh3
{[%clk 0:09:10]} Rxh3 {[%clk 0:07:53]} 36. Nh2 {[%clk 0:06:53]} Bd7 {[%clk
0:07:51]} 37. Rc1 {[%clk 0:06:53]} Rah8 {[%clk 0:07:17]} 38. Rc2 {[%clk 0:07:07]}
Rg3+ {[%clk 0:07:06]} 39. Rg2 {[%clk 0:06:50]} Rxg2+ {[%clk 0:07:12]} 40. Kxg2
{[%clk 0:37:00]} Rc8 {[%clk 0:37:05]} 41. Rc1 {[%clk 0:36:05]} c2 {[%clk
0:33:54]} 42. Nf1 {[%clk 0:35:32]} Bb5 {[%clk 0:31:34]} 43. Nd2 {[%clk 0:35:43]}
Bd3 {[%clk 0:31:24]} 44. a4 {[%clk 0:33:31]} Bh4 {[%clk 0:31:05]} 45. a5 {[%clk
0:33:09]} Be1 {[%clk 0:30:58]} 46. Nb3 {[%clk 0:33:15]} Bb4 {[%clk 0:31:02]} 47.
Ra1 {[%clk 0:32:53]} Rc3 {[%clk 0:30:41]} 48. Nc1 {[%clk 0:32:46]} Bc4 {[%clk
0:29:08]} 49. Kf2 {[%clk 0:32:46]} Ra3 {[%clk 0:28:48]} 0-1